| 000 | 01152cam a22002891i 4500 | ||
|---|---|---|---|
| 003 | SA-RiAUC | ||
| 005 | 20250630113711.0 | ||
| 008 | 250628s2007 jo a g b 00010 ara c | ||
| 020 | _a9789957477172 | ||
| 040 |
_aIMAM _bara _cSA-RiAUC _erda |
||
| 082 | 0 | 4 |
_a214.327 _qSA-RiAUC |
| 090 |
_a214.327 _bا ب و ع |
||
| 100 | 1 |
_aأبو عيد، عارف خليل محمد، _d1948- _eمؤلف. |
|
| 245 | 1 | 2 |
_aالعلاقات الدولية في الفقه الإسلامي / _cعارف خليل أبو عيد. |
| 250 | _aالطبعة الأولى. | ||
| 264 | 1 |
_aعمان، الأردن : _bدار النفائس، _c2007 |
|
| 300 |
_a312 صفحة : _bإيضاحيات ؛ _c24 × 17 سم |
||
| 336 |
_aنص _btxt _2rdacontent _3كتاب |
||
| 337 |
_aبدون وسيط _bn _2rdamedia |
||
| 338 |
_aمجلد _bnc _2rdacarrier |
||
| 504 | _aببليوجرافية : صفحة 303-306. | ||
| 650 | 7 |
_aالإسلام والعلاقات الخارجية _2aucsh |
|
| 650 | 7 |
_aالإسلام والقانون الدولي _2aucsh |
|
| 650 | 7 |
_aالإسلام والسياسة _2aucsh |
|
| 942 |
_2ddc _cBOOK _n0 |
||
| 949 |
_aSA-JeALM _d250628 _umohamedma123 _n1 |
||
| 999 |
_c9300 _d9300 |
||